| 000 | 00427nam a2200181Ia 4500 | ||
|---|---|---|---|
| 003 | OSt | ||
| 005 | 20240227161109.0 | ||
| 008 | 210210b1931 xxu||||| |||| 00| 0 eng d | ||
| 040 | _cAL | ||
| 041 | _aeng | ||
| 082 | _a829/545 | ||
| 100 |
_aHAWTHORNE (N) _9152386 |
||
| 245 | _aScarlet letter | ||
| 260 |
_aLondon _bOxford University Press _c1931 |
||
| 690 |
_aEnglish Fiction _9152389 |
||
| 906 | _a017145 | ||
| 942 |
_2ddc _cBK |
||
| 999 |
_c137103 _d137103 |
||